000
00254nam a2200109Ia 4500
008
190216s9999||||xx |||||||||||||| ||und||
100
_a
Walter Bagehot
245
0
_a
British Bharana Gadana
260
_b
Bhasha Institute
650
_a
History
942
_c
BK
999
_c
38614
_d
38614